| 000 | 00347nam a2200133Ia 4500 | ||
|---|---|---|---|
| 008 | 240624s9999 xx 000 0 und d | ||
| 041 | _aeng | ||
| 082 | _a338.954 RAD | ||
| 100 | _aIGIDR | ||
| 245 | _aINDIA DEVELOPMENT REPORT 2008 | ||
| 260 |
_c2008 _aNew Delhi _bOxford University press |
||
| 300 | _axxi, : 291 : p. : cm. ; 27 | ||
| 365 |
_cRS _b30 |
||
| 999 |
_c11464 _d11464 |
||